000 00681nam a22002297a 4500
003 UA-OsUOA
001 93927
007 ta
008 20130130b un ||||| |||| 00| 0 ukr d
090 _a821.161.1
_bВ39
942 _cBK
040 _aUA-OsUOA
_brus
_cUA-OsUOA
_dUA-OsUOA
245 _aВечные спутники
_cсост. А. Блюм
300 _a223 с.
955 _a3
041 _arus
080 _a821.161.1
260 _aМ.
_bКнига
_c1983
246 3 1 _aСоветские писатели о книгах, чтении, библиофильстве
_n
650 7 _a82 Література. Літературознавство
_2UDC
999 _c380175
_d380175